000 00642nam a2200217Ia 4500
005 20250508164543.0
008 008 250505s9999 xx 000 0 eng d
020 _a0-803-2253-1
037 _aTextual
040 _aFEDL
_beng
_cFEDL
041 _aeng
_2eng
084 _a001.4, FET
_qFEDL
100 _aFetterman David M Ed.
_9773609
245 0 _aEthnography in educational evaluation
260 _aLondon, UK
_bSage Publications
_c1984
300 _a248p
546 _aAcc. No. 083387 is MACESE book
650 _aEducation Anthropology-Addresses
_9773610
942 _cTEXL
_h001.4, FET
999 _c1389761
_d1389761